[Event "WA Open 2019"]
[Site "?"]
[Date "2019.05.26"]
[Round "3"]
[White "Ignacio, Perez"]
[Black "Daniel, He"]
[Result "1-0"]
[WhiteElo "2207"]
[BlackElo "2313"]
[PlyCount "73"]

1. d4 Nf6 2. Nf3 g6 3. c4 Bg7 4. Nc3 O-O 5. e4 d6 6. Bg5 h6 7. Bf4 Nc6 8. d5 e5
9. Be3 Ne7 10. h3 Ne8 11. Qd2 Kh7 12. g4 c6 13. Bd3 cxd5 14. cxd5 Nc7 15. O-O-O
Bd7 16. Rdg1 b5 17. Kb1 b4 18. Ne2 a5 19. h4 Bb5 20. Ng3 Qd7 21. Nf5 Bxd3+ 22.
Qxd3 gxf5 23. gxf5 Ng8 24. Qd2 Ne8 25. Ng5+ Kh8 26. f3 b3 27. Rg3 Qa4 28. axb3
Qxb3 29. Rhg1 a4 30. f6 Ngxf6 31. Ne6 a3 32. Bxh6 Bxh6 33. Qxh6+ Nh7 34. Qxf8+
Nxf8 35. Rg8+ Kh7 36. Nxf8+ Kh6 37. Rh8# 1-0

[Event "WA Open 2019"]
[Site "?"]
[Date "2019.05.26"]
[Round "3"]
[White "David, Bragg"]
[Black "Brandon, Jiang"]
[Result "1/2-1/2"]
[WhiteElo "2210"]
[BlackElo "2115"]
[PlyCount "5"]

1. e3 e5 (1... d5 2. f4 Nf6 3. Nf3 e6 4. b3 Be7 5. Bb2 c5 6. Be2 O-O 7. O-O Nc6
8. Qe1 a6 9. Ne5 Nd7 10. Nxc6 bxc6 11. d3 Bf6 12. Bxf6 Qxf6 13. Qc3 Qe7 14. Nd2
Nf6 15. Bf3 Rb8 16. e4 Rd8 17. e5 Ne8 18. a4 Rb4 19. g3 Nc7 20. Rad1 d4 21. Qa1
Nd5 22. Nc4 Bd7 23. Rd2 Bc8 24. Qe1 Qc7 25. Rdf2 a5 26. Be4 Ba6 27. Rd2 Bxc4
28. dxc4 Ne3 29. Rf3 Rbb8 30. h3 h5 31. Kh1 Kf8 32. Qf2 g6 33. Qe2 Ke7 34. Rf2
Qb6 35. Qe1 Rbc8 36. Kg1) 2. f4 Nf6 3. Nf3 1/2-1/2

[Event "WA Open 2019"]
[Site "?"]
[Date "2019.05.26"]
[Round "3"]
[White "Jason, Yu"]
[Black "Minda, Chen"]
[Result "1-0"]
[WhiteElo "2239"]
[BlackElo "1996"]
[PlyCount "44"]

1. e4 c5 2. Nf3 e6 3. d4 cxd4 4. Nxd4 a6 5. Bd3 Qc7 6. O-O Nf6 7. c4 Be7 8. Nc3
d6 9. Be3 Nbd7 10. f3 Ne5 11. Qe2 Nfd7 12. f4 Nxd3 13. Qxd3 h5 14. b3 Bf6 15.
Rad1 Qa5 16. Qd2 h4 17. Ncb5 axb5 18. Nxb5 O-O 19. Nxd6 Qxa2 20. Qxa2 Rxa2 21.
Nb5 (21. Nxc8 Re2 22. Rxd7 Rxe3 23. Nd6 Bd4 24. Nxb7 Rxb3+ 25. Kh1 Bf6 26. c5
Rb4 27. Re1 Ra8 28. Kg1 Bd4+ 29. Kf1 Rc8 30. Ke2 Kf8 31. Rc1 Ra4 32. c6 Bb6 33.
c7 Bxc7 34. Rcxc7 Rxc7 35. Rxc7) 21... Re2 22. Nc7 Rxe3 1-0

[Event "WA Open 2019"]
[Site "?"]
[Date "2019.05.26"]
[Round "3"]
[White "Patrick, Huang"]
[Black "Steven, BRECKENRIDGE."]
[Result "0-1"]
[WhiteElo "2063"]
[BlackElo "2325"]
[PlyCount "12"]

1. d4 Nf6 2. Bf4 d6 3. e3 g6 4. h3 Bg7 5. Nf3 O-O 6. Nbd2 (6. Be2 c5 7. O-O Qb6
8. Nc3 (8. Nbd2 Qxb2 9. Nc4 Qb5 (9... Qb4 10. c3 Qb5 11. Nxd6 Qc6 12. Nb5 a6
13. Ne5 Qb6 14. Nc4 Qc6 15. Nc7 Ra7 16. d5 Qd7 17. Ne6 fxe6 18. Bxb8 Nxd5 19.
Bxa7 Nxc3 20. Qc2 b5 21. Nb6 Qxa7 22. Nxc8 Rxc8 23. Bg4 Qb8 24. Rac1 c4 25. e4
b4 26. e5 Bh6 27. Ra1 Rd8 28. Qc1 Kg7) 10. c3) 8... Qxb2 9. Na4 (9. Ne4 Qb6)
9... Qb4 10. c3 Qa5) 6... c5 0-1

[Event "WA Open 2019"]
[Site "?"]
[Date "2019.05.25"]
[Round "3"]
[White "William, Schill"]
[Black "Sophie, Tein"]
[Result "1-0"]
[WhiteElo "2301"]
[BlackElo "1881"]
[PlyCount "59"]

1. d4 d5 2. c4 e6 3. Nf3 Nf6 4. g3 c6 5. Qc2 Bd6 6. Bg2 Nbd7 7. O-O O-O 8. Rd1
Qe7 9. Nc3 dxc4 10. Nd2 e5 11. Nxc4 Bc7 12. b3 Re8 13. Ba3 Qe6 14. d5 cxd5 15.
Nxd5 Nxd5 16. Bxd5 Qf6 17. Bd6 Bb6 18. e3 Kh8 19. Ba3 Bc5 20. Bb2 Kg8 21. Be4
h6 22. Rd5 Bf8 23. Rad1 Rb8 24. Rxd7 Bxd7 25. Rxd7 b5 26. Nxe5 Rbc8 27. Bh7+
Kh8 28. Nxf7+ Qxf7 29. Rxf7 Rxc2 30. Bxc2 1-0

[Event "WA Open 2019"]
[Site "?"]
[Date "2019.05.26"]
[Round "3"]
[White "Mary, Kuhner"]
[Black "Derin, Goktepe"]
[Result "1/2-1/2"]
[WhiteElo "1837"]
[BlackElo "1712"]
[PlyCount "24"]

1. e4 e5 2. Nf3 Nc6 3. Bc4 Bc5 4. c3 Nf6 5. d3 a5 6. a4 h6 7. O-O d6 8. d4 Bb6
9. dxe5 dxe5 10. Qxd8+ Nxd8 11. Nxe5 Nxe4 12. Be3 (12. Bd3 Nf6 13. Nc4 Bc5 14.
Nbd2 Be6 15. Nb3 Bxc4 16. Bxc4 Bb6 17. Re1+ Kf8 18. h3 Nc6 19. Bf4 Nh5 20. Bh2
f5 21. Rad1 Nf6 22. Bd3 g6 23. Re6 Kg7 24. Rde1 Rhe8 25. Bc2 (25. Bb5 Rxe6 26.
Rxe6 Re8 27. Rxe8 Nxe8 28. Bxc6 bxc6 29. Be5+ Kf7 30. Bd4 Ke6 31. Bxb6 cxb6)
25... Rxe6 26. Rxe6 Re8 27. Rxe8 Nxe8) 12... Nf6 1/2-1/2

[Event "WA Open 2019"]
[Site "?"]
[Date "2019.05.26"]
[Round "3"]
[White "Joseph, Levine"]
[Black "Kyle, Haining"]
[Result "0-1"]
[WhiteElo "2149"]
[BlackElo "2264"]
[PlyCount "74"]

1. e4 g6 2. d4 Bg7 3. Nc3 d6 4. Nf3 Nf6 5. Bg5 h6 6. Bf4 O-O 7. Bd3 c5 8. dxc5
dxc5 9. Qd2 Kh7 10. O-O-O Nc6 11. h3 Nd4 12. Nxd4 cxd4 13. Ne2 Nd7 14. g4 Qb6
15. h4 e5 16. Bg3 Nc5 17. f3 Be6 18. Kb1 Rfc8 19. g5 h5 20. Nc1 a5 21. Bf2 Na4
22. Nb3 Nxb2 23. Kxb2 a4 24. Rb1 axb3 25. axb3 Bf8 26. Kc1 Bb4 27. Qe2 Qa5 28.
Be1 Qa3+ 29. Kd1 Qa2 30. Rc1 Ba3 31. Bd2 Bxb3 32. f4 Bxc1 33. Bxc1 Bxc2+ 34.
Bxc2 d3 35. Qf2 Rxc2 36. Qd2 Rxc1+ 37. Qxc1 Qe2# 0-1

[Event "WA Open 2019"]
[Site "?"]
[Date "2019.05.26"]
[Round "3"]
[White "Nicholes, Whale"]
[Black "Ryan, Lu"]
[Result "1/2-1/2"]
[WhiteElo "1945"]
[BlackElo "1865"]
[PlyCount "44"]

1. Nf3 d5 2. d4 Nf6 3. c4 e6 4. g3 Be7 5. Bg2 O-O 6. O-O c5 7. cxd5 Nxd5 8. e4
Nf6 9. Nc3 cxd4 10. Nxd4 e5 11. Ndb5 Nc6 12. Qxd8 Rxd8 13. Bg5 Bg4 14. f3 Bh5
15. h4 h6 16. Bxf6 Bxf6 17. Nd5 Be7 18. Rac1 Bd6 19. Rfd1 Kf8 20. Ne3 Be7 21.
Nd5 Bd6 22. Kf2 g6 1/2-1/2

[Event "WA Open 2019"]
[Site "?"]
[Date "2019.05.25"]
[Round "3"]
[White "Tian, Sang"]
[Black "Michael, Hosford"]
[Result "1-0"]
[WhiteElo "2373"]
[BlackElo "1890"]
[PlyCount "69"]
[EventDate "2019.??.??"]

1. e4 Nc6 2. Nc3 Nf6 3. d4 d5 4. e5 Nd7 5. Nf3 Ndb8 6. Be2 Bf5 7. Nh4 Bg6 8.
Nxg6 hxg6 9. e6 fxe6 10. Qd3 Kf7 11. Bf4 e5 12. dxe5 e6 13. O-O-O Be7 14. Qf3
Kg8 15. Nxd5 exd5 16. Rxd5 Qf8 17. Bc4 Qf7 18. Rc5 Bxc5 19. Bxf7+ Kxf7 20. Qd5+
Ke8 21. Qxc5 Nd7 22. Qd5 Rf8 23. Qe6+ Ne7 24. Bg5 Rf7 25. Bxe7 Rxe7 26. Qxg6+
Kf8 27. f4 a5 28. Rd1 Ra6 29. Qf5+ Ke8 30. Qh5+ g6 31. Qf3 Rc6 32. h4 Nc5 33.
h5 gxh5 34. Qxh5+ Rf7 35. f5 1-0

[Event "WA Open 2019"]
[Site "?"]
[Date "2019.05.25"]
[Round "3"]
[White "THANH TIEN, NGUYEN.."]
[Black "ADITYA, RAMKUMAR.."]
[Result "1-0"]
[WhiteElo "2000"]
[BlackElo "1408"]
[PlyCount "85"]
[EventDate "2019.??.??"]

1. e4 e5 2. Nf3 Nc6 3. Bc4 Bc5 4. c3 Nf6 5. d3 d6 6. h3 O-O 7. O-O Na5 8. b4
Nxc4 9. bxc5 Na5 10. cxd6 cxd6 11. Re1 Re8 12. Nbd2 Qc7 13. Bb2 d5 14. exd5 Bf5
15. c4 Nd7 16. Nb3 Nxb3 17. axb3 Re7 18. d4 f6 19. d6 Qxd6 20. Ba3 Qe6 21. Bxe7
Qxe7 22. dxe5 Nxe5 23. Nxe5 fxe5 24. Qd5+ Kh8 25. Rxe5 Qf6 26. Rxa7 Rd8 27. Qb5
Bg6 28. Ra1 Rf8 29. Rf1 Bd3 30. Re8 Bxf1 31. Rxf8+ Qxf8 32. Kxf1 Qd8 33. Qd5
Qa8 34. g4 h6 35. b4 Qa1+ 36. Kg2 Qa8 37. c5 Qc8 38. b5 Qc7 39. c6 bxc6 40.
Qxc6 Qa7 41. b6 Qa6 42. Qc7 Qd3 43. Qc8+ 1-0

[Event "WA Open 2019"]
[Site "?"]
[Date "2019.05.25"]
[Round "3"]
[White "Vignesh, Anand"]
[Black "Austin, Cluff"]
[Result "1-0"]
[WhiteElo "2098"]
[BlackElo "1577"]
[PlyCount "41"]

1. Nf3 c5 2. c4 Nf6 3. Nc3 Nc6 4. g3 g6 5. Bg2 Bg7 6. d4 cxd4 7. Nxd4 O-O 8.
O-O a6 9. b3 Qc7 10. Bb2 d6 11. Rc1 Bd7 12. Nd5 Qd8 13. Nxc6 Bxc6 14. Nxf6+
Bxf6 15. Bxf6 exf6 16. Qd4 Bxg2 17. Kxg2 Qc7 (17... Qe7 18. e3 Rfd8 19. Rfd1
Rd7 20. c5 Rad8 21. c6 Rc7 22. Qd5 Qe5 23. Qxe5 fxe5 24. cxb7 Rxb7 25. Rc6 Ra7
26. Rcxd6 Rxd6 27. Rxd6 Kf8 28. Rf6 (28. Rc6 Ke7 29. Rc5 Kf8 30. Rd5 Ke7 31.
Ra5 Ke6 32. b4 Kd6 33. b5 Kc5 34. Rxa6) 28... Ke7) 18. e3 Rfd8 19. Rfd1 Rd7 20.
c5 Rad8 21. c6 1-0

[Event "WA Open 2019"]
[Site "?"]
[Date "2019.05.25"]
[Round "2"]
[White "Kyle, Haining"]
[Black "AARYAN, DESHPANDE."]
[Result "1-0"]
[WhiteElo "2264"]
[BlackElo "2050"]
[PlyCount "123"]

1. e4 c6 2. d4 d5 3. Nd2 dxe4 4. Nxe4 Nf6 5. Nxf6+ exf6 6. c3 Bd6 7. Bd3 O-O 8.
Ne2 Re8 9. O-O Nd7 10. Bf4 Nf8 11. Bxd6 Qxd6 12. Ng3 Qf4 13. Qc1 Qxc1 14. Raxc1
Be6 15. Bb1 Rad8 16. f4 Re7 17. Rfe1 Rde8 18. Kf2 g6 19. f5 Bc4 20. Ne4 Nd7 21.
Nd6 Rxe1 22. Rxe1 Rxe1 23. Kxe1 Ba6 24. Kd2 Kf8 25. Bd3 Bxd3 26. Kxd3 b6 27. d5
Ne5+ 28. Ke4 c5 29. Nc8 Ke8 30. Nxa7 Nc4 31. fxg6 fxg6 32. b3 Nd6+ 33. Kd3 Kd7
34. c4 Nf5 35. Nb5 Nh4 36. g3 Nf3 37. h3 Ng5 38. h4 Nf7 39. Nc3 h6 40. a3 Kd6
41. Na4 Ne5+ 42. Kc3 Nd7 43. b4 f5 44. Kd2 cxb4 45. axb4 b5 46. cxb5 Kxd5 47.
Kd3 Ne5+ 48. Ke3 g5 49. Nb6+ Kd6 50. h5 Ng4+ 51. Kd4 Nf6 52. Nc4+ Kc7 53. b6+
Kb8 54. Kc5 f4 55. gxf4 gxf4 56. Ne5 Kb7 57. Kb5 Nxh5 58. Nd3 Ka8 59. Nc5 Nf6
60. Kc6 f3 61. b7+ Ka7 62. b5 1-0

[Event "WA Open 2019"]
[Site "?"]
[Date "2019.05.25"]
[Round "2"]
[White "Minda, Chen"]
[Black "William, Schill"]
[Result "1-0"]
[WhiteElo "1996"]
[BlackElo "2301"]
[PlyCount "77"]

1. d4 Nf6 2. c4 g6 3. Nc3 Bg7 4. e4 d6 5. Be2 O-O 6. Be3 e5 7. d5 Na6 8. g4 Nc5
9. f3 h5 10. g5 Nh7 11. Qd2 f5 12. gxf6 Bxf6 13. O-O-O Bg5 14. Bxg5 Qxg5 15.
Qxg5 Nxg5 16. h4 Nf7 17. Bf1 c6 18. Bh3 Kg7 19. Nge2 Nh6 20. Bxc8 Raxc8 21. Rh3
Rf6 22. Kd2 Rcf8 23. Ng1 Nf7 24. Rg3 Rf4 25. Nh3 Rxh4 26. Rdg1 Kh7 27. b4 Nd7
28. Nd1 Ra8 29. Ne3 Nf6 30. Kd3 b5 31. dxc6 bxc4+ 32. Kxc4 Rf4 33. Nd5 Nxd5 34.
Kxd5 Rf8 35. b5 h4 36. Rg4 Rxf3 37. Rxh4+ Kg7 38. Rhg4 Rf6 39. R1g3 1-0

[Event "WA Open 2019"]
[Site "?"]
[Date "2019.05.25"]
[Round "2"]
[White "Georgi, Orlov"]
[Black "Robin, Tu"]
[Result "1-0"]
[WhiteElo "2518"]
[BlackElo "1901"]
[PlyCount "25"]

1. d4 Nf6 2. Nf3 g6 3. c4 Bg7 4. g3 O-O 5. Bg2 d6 6. Nc3 Bg4 7. h3 Bxf3 8. Bxf3
c6 9. Be3 Nbd7 10. O-O e5 11. Qb3 Qc7 12. Rfd1 Rfd8 (12... Rad8 13. Rac1 Rfe8
14. Bg2 e4 15. Qc2 d5 16. cxd5 cxd5 17. Nxe4 Qa5 18. Nxf6+ Nxf6 19. Qb3 Ne4 20.
Bxe4 dxe4 21. Rc5 Qa6 22. Rc7 Rf8 23. Rd2 b6 24. d5 Be5 25. Re7 Rfe8 26. d6
Rxe7 27. dxe7 Re8 28. Rd8 Qxe2 29. Rxe8+ Kg7 30. Rg8+ Kxg8 31. e8=Q+) 13. Rac1
1-0

[Event "WA Open 2019"]
[Site "?"]
[Date "2019.05.26"]
[Round "?"]
[White "Ignacio, Perez"]
[Black "Joseph, Frantz"]
[Result "1-0"]
[WhiteElo "2207"]
[BlackElo "2047"]
[PlyCount "19"]

1. d4 Nf6 2. Nf3 g6 3. c4 Bg7 4. Nc3 O-O 5. e4 d6 6. Bg5 e6 (6... c6 7. Qd2 a6
8. h4 h5 9. Bd3 b5 10. O-O-O Qa5 11. Kb1 b4 12. Ne2 Re8 13. e5 Ng4 14. Nf4 dxe5
15. dxe5 Nxe5 16. Nxe5 Qxe5 17. Rhe1 Qd6 18. Qc2 Qc5 19. Nxg6 fxg6 20. Bxg6 Bg4
21. f3 Nd7 22. fxg4) 7. Qd2 a6 8. h4 h5 9. Bd3 b5 10. O-O-O 1-0

[Event "WA Open 2019"]
[Site "?"]
[Date "2019.05.26"]
[Round "?"]
[White "Georgi, Orlov"]
[Black "DANIEL, POGREBINSKY.."]
[Result "1-0"]
[WhiteElo "2518"]
[BlackElo "1840"]
[PlyCount "73"]
[EventDate "2019.??.??"]

1. d4 Nf6 2. Nf3 g6 3. c4 c5 4. Nc3 cxd4 5. Nxd4 Bg7 6. g3 O-O 7. Bg2 Nc6 8.
O-O d5 9. cxd5 Nxd5 10. Nxd5 Nxd4 11. Bg5 Nc6 12. Rc1 f6 13. Be3 e5 14. Qb3 Na5
15. Qa3 (15. Qc3 Be6 16. Nc7 Nc4 17. Nxe6 Nxe3) 15... Be6 16. Nc7 Nc4 17. Nxe6
Nxa3 18. Nxd8 Raxd8 19. bxa3 f5 20. Bxb7 f4 21. Bc5 Rf7 22. Ba6 Rf5 23. Rfd1
Re8 24. Bb5 Rb8 25. Bd7 Rf6 26. Bxa7 Ra8 27. Bc5 Bh6 28. Rb1 fxg3 29. hxg3 Bf8
30. Bxf8 Raxf8 31. f3 Ra8 32. Rd3 Raf8 33. Rb4 h5 34. a4 g5 35. Re4 g4 36. Kg2
gxf3+ 37. Rxf3 1-0

[Event "WA Open 2019"]
[Site "?"]
[Date "2019.05.26"]
[Round "5"]
[White "David, Bragg"]
[Black "THANH TIEN, NGUYEN."]
[Result "0-1"]
[WhiteElo "2210"]
[BlackElo "2000"]
[PlyCount "52"]

1. e3 e6 2. c4 Nf6 3. Nc3 d5 4. Nf3 Be7 5. b3 c6 6. Be2 Nbd7 7. O-O O-O 8. Bb2
a6 9. a4 e5 10. cxd5 cxd5 11. d4 e4 12. Ne5 Nb8 13. f3 Be6 14. f4 Nc6 15. g4
Nb4 16. g5 Ne8 17. h4 f6 18. Ng4 Nd6 19. Rf2 Nf5 20. Rh2 h5 21. gxh6 gxh6 22.
Qd2 Kh7 23. h5 Rg8 24. Kf2 Ng3 25. Kxg3 Bxg4 26. Rf2 (26. Kf2 Bxe2 27. Qxe2
Nd3+ 28. Kf1 Qd7 29. Nd1 Rg3 30. Nf2 Nxf2 31. Kxf2 Rag8 32. Bc3 Qc8 33. Qb2 Qg4
34. Qe2 Rg2+ 35. Rxg2 Qxg2+ 36. Ke1 Qh3) 26... Bxe2+ 0-1

[Event "WA Open 2019"]
[Site "?"]
[Date "2019.05.26"]
[Round "5"]
[White "Jason, Yu"]
[Black "Roland, Feng"]
[Result "1/2-1/2"]
[WhiteElo "2239"]
[BlackElo "2459"]
[PlyCount "53"]

1. e4 e6 2. d4 d5 3. Nc3 Nf6 4. Bg5 dxe4 5. Nxe4 Be7 6. Bxf6 gxf6 7. Nf3 f5 8.
Nc3 a6 9. Qd2 Qd6 10. O-O-O b5 11. Qe3 b4 12. Na4 Nd7 13. Bc4 Bb7 14. Rhe1 Bd5
15. Bxd5 Qxd5 16. Qb3 Nf6 17. Qxd5 Nxd5 18. c4 bxc3 19. bxc3 O-O 20. Ne5 Rfe8
21. Nc6 Bd6 22. Kc2 Kf8 23. c4 Nb4+ 24. Nxb4 Bxb4 25. Re3 Rad8 (25... Red8 26.
Nb2 Be7 27. d5 Rab8 28. Rb3 Bf6 29. dxe6 fxe6 30. Nd3 Rb6 31. Nf4 Rc6 32. Rxd8+
Bxd8 33. Rb4 Be7 34. Rb8+ Kf7 35. Kb3 Bd6 36. Nd3 Rb6+ 37. Rxb6 cxb6) 26. Nb2
Be7 27. d5 1/2-1/2

[Event "WA Open 2019"]
[Site "?"]
[Date "2019.05.27"]
[Round "6"]
[White "Roland, Feng"]
[Black "Ignacio, Perez"]
[Result "1-0"]
[WhiteElo "2459"]
[BlackElo "2207"]
[PlyCount "103"]

1. d4 d5 2. c4 e6 3. Nc3 c5 4. cxd5 exd5 5. Nf3 Nf6 6. g3 Nc6 7. Bg2 Be7 8. O-O
h6 9. Bf4 O-O 10. Rc1 Be6 11. Nb5 g5 12. Be3 a6 13. Nc3 Ng4 14. Bd2 cxd4 15.
Na4 f5 16. Nc5 Bxc5 17. Rxc5 Qd6 18. Rc2 Rf7 19. Be1 f4 20. Nxd4 Bd7 21. Nxc6
bxc6 22. Bc3 fxg3 23. hxg3 Qg6 24. Bf3 Kh7 25. Bxg4 Bxg4 26. f3 Raf8 27. Bb4
Bf5 28. Rd2 Rb8 29. Rd4 Qe6 30. g4 Bg6 31. Qd2 Re8 32. Rf2 Bb1 33. a3 Qg6 34.
Qc1 Ba2 35. Bc5 Bc4 36. Qd1 a5 37. Rd2 Kg8 38. Rh2 Rf6 39. e3 Qf7 40. Rh3 Rfe6
41. Qe1 Qf4 42. Kg2 Bb5 43. Rd1 Qa4 44. Qd2 Rf6 45. Bd4 Rfe6 46. Rdh1 Kh7 47.
Kg3 c5 48. Rxh6+ Rxh6 49. Rxh6+ Kg8 50. b3 Qxb3 51. e4 Rxe4 52. Qxg5+ 1-0

[Event "WA Open 2019"]
[Site "?"]
[Date "2019.05.27"]
[Round "6"]
[White "Joseph, Trulson"]
[Black "Georgi, Orlov"]
[Result "1-0"]
[WhiteElo "2220"]
[BlackElo "2518"]
[PlyCount "72"]

1. d4 Nf6 2. Nc3 d5 3. Bf4 e6 4. Nb5 Na6 5. e3 Ne4 6. f3 Nd6 7. Nxd6+ Bxd6 8.
Bxd6 Qxd6 9. Bxa6 Qxa6 10. Qd3 Qd6 11. Ne2 O-O 12. O-O e5 13. dxe5 Qxe5 14. Qd4
Qe7 15. Nf4 c6 16. Rae1 Bf5 17. e4 dxe4 18. fxe4 Rad8 19. Nd5 cxd5 20. exf5 Qc7
21. f6 Rfe8 22. c3 Re4 23. Rxe4 dxe4 24. Qxa7 gxf6 25. Qf2 Rd6 26. Qe3 Qc6 27.
Re1 Re6 28. Rd1 Re8 29. h3 Qa4 30. Qd4 Qa6 31. Qd7 Qa7+ 32. Qd4 Qa6 33. Qd7 Qa8
34. Rd4 b5 35. Qg4+ Kf8 36. Qh4 Re6 37. Qxh7 Ke7 38. Qf5 Qc6 39. Qd5 Qb6 40. Qd7+ Kf8 41. Qd8+ Qxd8 42.Rxd8+ Ke7 43. Rd5 Rb6 44. Kf2 Ke6 45. Rc5 b4 46. cxb4 Rxb4 47. b3 Rd4 48. Ke3
Rd3+ 49. Kxe4 Rd2 50. a4 Rxg2 51. Rc6+ Kd7 52. Rc3 Ke6 53. a5 f5+ 54. Kd4 Rd2+
55. Rd3 Ra2 56. b4 Ra4 57. Rb3 Kd6 58. h4 Ra1 59. Rh3 Rd1+ 60. Ke3 Rb1 61. Kd2
Rxb4 62. h5 Rb8 63. h6 Ke6 64. h7 Rh8 65. Ke3 Ke5 66. a6 f4+ 67. Kf3 Kf5 68. a7 1-0

[Event "WA Open 2019"]
[Site "?"]
[Date "2019.05.27"]
[Round "6"]
[White "David, Bragg"]
[Black "Joseph, Frantz"]
[Result "0-1"]
[WhiteElo "2210"]
[BlackElo "2048"]
[PlyCount "74"]
[EventDate "2019.??.??"]

1. d4 Nf6 2. c4 g6 3. Nc3 d5 4. cxd5 Nxd5 5. Nf3 Bg7 6. e4 Nxc3 7. bxc3 O-O 8.
Be2 c5 9. Rb1 b6 10. O-O Ba6 11. Bg5 Bxe2 12. Qxe2 cxd4 13. cxd4 Nc6 14. Rfd1
h6 15. d5 hxg5 16. dxc6 Qc7 17. Rbc1 Rad8 18. Nxg5 Bd4 19. h4 Rd6 20. Qc4 Bc5
21. Rxd6 exd6 22. Qd5 Re8 23. Rc3 Re5 24. Qb3 d5 25. Rxc5 bxc5 26. Qb7 Qxb7 27.
cxb7 Re8 28. exd5 Rb8 29. g4 Rxb7 30. Ne4 Rb4 31. f3 Rd4 32. g5 Kf8 33. d6 c4
34. Kf2 Rd3 35. Ke2 Ra3 36. d7 Rd3 37. f4 Rxd7 0-1

[Event "WA Open 2019"]
[Site "?"]
[Date "2019.05.26"]
[Round "?"]
[White "Kyle, Haining"]
[Black "Jason, Yu"]
[Result "1-0"]
[WhiteElo "2264"]
[BlackElo "2239"]
[PlyCount "71"]

1. e4 c5 2. Nf3 d6 3. d4 cxd4 4. Nxd4 Nf6 5. Nc3 g6 6. Be3 Bg7 7. f3 O-O 8. Qd2
Nc6 9. g4 h5 10. gxh5 Nxh5 11. O-O-O Bd7 12. Rg1 Rc8 13. Kb1 a6 14. Be2 Nxd4
15. Bxd4 Bxd4 16. Qxd4 Nf4 17. Bc4 Qc7 18. Bb3 Be6 19. Qd2 Bxb3 20. axb3 e5 21.
Qxd6 Qxd6 22. Rxd6 Rfd8 23. Rgd1 Rxd6 24. Rxd6 Rc7 25. Nd5 Nxd5 26. exd5 Kg7
27. c4 Kh6 28. h4 Kh5 29. Rd8 Kxh4 30. d6 Rc6 31. d7 Kg3 32. Re8 Rd6 33. d8=Q
Rxd8 34. Rxd8 Kxf3 35. Rd7 f5 36. Rxb7 1-0

[Event "WA Open 2019"]
[Site "?"]
[Date "2019.05.26"]
[Round "5"]
[White "Joseph, Levine"]
[Black "Daniel, He"]
[Result "1-0"]
[WhiteElo "2149"]
[BlackElo "2313"]
[PlyCount "83"]
[EventDate "2019.??.??"]

1. e4 c5 2. Nf3 e6 3. d3 Nc6 4. g3 Nge7 5. Bg2 g6 6. O-O Bg7 7. Re1 e5 8. Nbd2
O-O 9. Nf1 d6 10. h4 h6 11. c3 Be6 12. Be3 f5 13. Qd2 Kh7 14. h5 gxh5 15. Nh4
Qd7 16. Nh2 f4 17. gxf4 exf4 18. Bxf4 Ne5 19. Bg3 N7g6 20. N2f3 Nxf3+ 21. Nxf3
Qe7 22. e5 d5 23. c4 d4 24. Re4 Bg4 25. Ne1 Bf5 26. Re2 h4 27. Bh2 Rg8 28. f4
Raf8 29. Kh1 Rb8 30. Be4 Rgf8 31. Nf3 b5 32. b3 bxc4 33. bxc4 Rb6 34. Rg1 h3
35. Qe1 Kh8 36. Qg3 Rf7 37. Bxf5 Rxf5 38. Re4 Qe6 39. Nh4 Kh7 40. Qxg6+ Qxg6
41. Rxg6 Rb1+ 42. Rg1 1-0

[Event "WA Open 2019"]
[Site "?"]
[Date "2019.05.26"]
[Round "6"]
[White "Daniel, He"]
[Black "David, Arganian"]
[Result "1-0"]
[WhiteElo "2313"]
[BlackElo "2000"]
[PlyCount "51"]

1. c4 g6 2. g3 Bg7 3. Bg2 c5 4. Nc3 Nc6 5. Nf3 e6 6. d3 Nge7 7. Bg5 h6 8. Bd2
O-O 9. h4 d5 10. Qc1 Kh7 11. Rb1 dxc4 12. dxc4 Nd4 13. h5 Nxf3+ 14. Bxf3 g5 15.
Ne4 f5 16. Nxc5 e5 17. Nxb7 Qb6 18. c5 Qa6 19. Nd6 e4 20. Bg2 Qxa2 21. O-O Nc6
22. Be3 Ne5 23. Ra1 Qd5 24. b4 Be6 25. Rd1 Qc6 26. Qb2 1-0

[Event "WA Open 2019"]
[Site "?"]
[Date "2019.05.27"]
[Round "7"]
[White "Joseph, Levine"]
[Black "Roland, Feng"]
[Result "1/2-1/2"]
[WhiteElo "2149"]
[BlackElo "2459"]
[PlyCount "29"]

1. e4 e6 2. d3 d5 3. Nd2 Nf6 4. Ngf3 c5 5. g3 Nc6 6. Bg2 Be7 7. O-O Qc7 8. Re1
b6 9. e5 Nd7 10. Qe2 Bb7 11. Nf1 h6 12. h4 O-O 13. N1h2 Rfd8 (13... Rad8 14.
Ng4 g5 15. h5 Rfe8 16. Bd2 Bf8 17. c3 Bg7 18. b4 Qb8) 14. Ng4 g5 15. h5 1/2-1/2

[Event "WA Open 2019"]
[Site "?"]
[Date "2019.05.27"]
[Round "7"]
[White "Daniel, He"]
[Black "Minda, Chen"]
[Result "1-0"]
[WhiteElo "2313"]
[BlackElo "1996"]
[PlyCount "45"]

1. c4 Nf6 2. Nc3 e6 3. e4 d5 4. e5 Nfd7 5. cxd5 Nxe5 6. d4 Ng6 7. dxe6 Bxe6 8.
Nf3 Be7 9. d5 Bd7 10. Qb3 b6 11. Be3 O-O 12. O-O-O a5 13. h4 Nxh4 14. d6 cxd6
15. Bxb6 Bg5+ 16. Kb1 Qe7 17. Nd5 Qe4+ 18. Bd3 Qg4 19. Nxh4 Bxh4 20. g3 a4 21.
Qa3 h6 22. gxh4 Na6 23. Nf6+ 1-0

[Event "WA Open 2019"]
[Site "?"]
[Date "2019.05.26"]
[Round "4"]
[White "Vignesh, Anand"]
[Black "Roland, Feng"]
[Result "0-1"]
[WhiteElo "2096"]
[BlackElo "2459"]
[PlyCount "54"]
[EventDate "2019.??.??"]

1. c4 e5 2. Nc3 Nf6 3. g3 Nc6 4. Bg2 Bc5 5. a3 a6 6. e3 O-O 7. Nge2 h6 8. O-O
d6 9. h3 Ba7 10. d4 exd4 11. exd4 Ne7 12. g4 Nh7 13. Nf4 c6 14. Re1 f5 15. Ne6
Bxe6 16. Rxe6 Qd7 17. Qe2 Rae8 18. Bf4 Ng6 19. Rxg6 Rxe2 20. Nxe2 Qe8 21. gxf5
Qxe2 22. Bxd6 Rxf5 23. Be5 Qxf2+ 24. Kh1 Rg5 25. Rxg5 Nxg5 26. Rf1 Qxb2 27. a4
Ne6 0-1

[Event "WA Open 2019"]
[Site "?"]
[Date "2019.05.26"]
[Round "5"]
[White "Kale, Haining"]
[Black "Samuel, He"]
[Result "1-0"]
[WhiteElo "2264"]
[BlackElo "2253"]
[PlyCount "57"]

1. e4 e5 2. Nf3 Nc6 3. Bb5 Nf6 4. O-O Nxe4 5. d4 Nd6 6. Bxc6 dxc6 7. dxe5 Nf5
8. Qxd8+ Kxd8 9. h3 Ke8 10. Nc3 h5 11. Bg5 Be6 12. Rfd1 Be7 13. Rd2 Rd8 14.
Rxd8+ Bxd8 15. Rd1 Bxg5 16. Nxg5 Ke7 17. Ne2 Rh6 18. Nf4 c5 19. Nfxe6 fxe6 20.
g3 h4 21. g4 Nd4 22. c3 Ne2+ 23. Kg2 Rg6 24. Ne4 Nf4+ 25. Kf3 Nxh3 26. Rh1 Ng5+
27. Nxg5 Rxg5 28. Kf4 Rg6 29. g5 1-0

[Event "WA Open 2019"]
[Site "?"]
[Date "2019.05.26"]
[Round "4"]
[White "Joseph, Truelson"]
[Black "Ignacio, Perez"]
[Result "1-0"]
[WhiteElo "2220"]
[BlackElo "2208"]
[PlyCount "157"]
[EventDate "2019.??.??"]

1. d4 Nf6 2. Nc3 c5 3. d5 d6 4. e4 g6 5. Bc4 Bg7 6. Nf3 O-O 7. h3 b5 8. Bxb5
Nxe4 9. Nxe4 Qa5+ 10. Nc3 Bxc3+ 11. bxc3 Qxb5 12. Bh6 Re8 13. Qd3 Ba6 14. Qxb5
Bxb5 15. O-O-O Be2 16. Rde1 Bxf3 17. gxf3 Nd7 18. f4 f6 19. Re4 Kf7 20. Rhe1
Nb6 21. c4 Rab8 22. f5 Rb7 23. fxg6+ hxg6 24. Bd2 Rh8 25. R1e3 f5 26. Rf4 Nd7
27. Bc3 Rh5 28. h4 Nf8 29. Rh3 Nh7 30. Rff3 Nf6 31. Bxf6 Kxf6 32. Rh1 Rh7 33.
Kd2 e5 34. dxe6 Rbe7 35. Re3 f4 36. Rf3 Kf5 37. Rd3 Rxe6 38. f3 g5 39. h5 Rhh6
40. Ra3 Re7 41. Rd3 a5 42. a4 Re5 43. Rh2 Ke6 44. Kc3 Kf5 45. Kd2 Ke6 46. Kc3
Kd7 47. Kd2 Kc6 48. Rh1 d5 49. cxd5+ Rxd5 50. Rxd5 Kxd5 51. Kd3 Ke5 52. Kc4 Kf5
53. Kd5 c4 54. c3 Rh7 55. h6 Kg6 56. Kxc4 g4 57. fxg4 Kg5 58. Kd3 Kxg4 59. Ke2
f3+ 60. Kf2 Kf4 61. Rh3 Kg4 62. Rg3+ Kh4 63. Rxf3 Rxh6 64. Ke3 Kg4 65. Rf8 Kg5
66. c4 Rh3+ 67. Ke4 Ra3 68. Rf5+ Kg6 69. Rxa5 Kf6 70. Kd5 Ke7 71. Kc6 Ke6 72.
Ra8 Ke5 73. c5 Rc3 74. Rd8 Ke6 75. Re8+ Kf7 76. Re4 Ra3 77. Kb7 (77. Kd7 Ra1
78. c6 Kf6 79. Kd8 Rd1+ 80. Ke8 Kf5 81. Re2) 77... Ra1 78. c6 Kf6 79. Ka7 1-0

[Event "WA Open 2019"]
[Site "?"]
[Date "2019.05.25"]
[Round "1"]
[White "Jack, McClain"]
[Black "Kyle, Hanning"]
[Result "0-1"]
[WhiteElo "1852"]
[BlackElo "2264"]
[PlyCount "46"]
[EventDate "2019.??.??"]

1. e4 g6 2. d4 Bg7 3. c4 d6 4. Nc3 Nf6 5. Be3 O-O 6. Be2 c5 7. dxc5 Qa5 8. Qd2
dxc5 9. Rd1 Nc6 10. Nf3 Bg4 11. O-O Rfd8 12. Qc2 Nd7 13. a3 Rac8 14. Nd5 e6 15.
Nf4 Bxf3 16. Bxf3 Nd4 17. Bxd4 (17. Rxd4 cxd4) 17... cxd4 18. Nd3 Qa6 19. Rc1
Bh6 20. Nb4 Qd6 21. Rcd1 Ne5 22. Be2 a5 23. Na2 a4 0-1